000 00716nam a2200253Ia 4500
003 OSt
005 20220925215305.0
006 a|||||r|||| 00| 0
007 ta
008 220923b |||||||| |||| 00| 0 eng d
020 _a435 80760 9
037 _cGeneral Book
040 _aRTL
_cRTL
_beng
041 _2eng
_aeng
082 _aT:3(Sigma).3.N6, K8
100 _aRogers Vincent R
_9282502
245 0 _aSocial studies in English education
260 _aLondon
_bHeinemann U. K.
_c1968
300 _aviii, 190p.
_ccm.
650 _a Education
650 _aTeaching Techniques
_9234490
942 _hT:3(Sigma).3.N6, K8
_cGB
_2CC
999 _c568385
_d568385